000 01517nkm0a2200325 4500
001 RU\NLR\DIGIT\121581
005 20260628142752.0
035 _a(NLR Aleph) 010172094
090 _a13738634
_c13738634
100 _a20121029d1940 m y0rusy50 ca
101 0 _arus
102 _aRU
135 _acrcn 024aaada
135 _acrcn 024aaada
200 1 _aГерои Советского Союза И.Д. Папанин и М.П. Белоусов на капитанском мостике орденоносного ледокола "И. Сталин"
_e[открытка]
_fфото Д. Дебабова
210 _a[Ленинград]
_cИзд. Музея Арктики
_d[1940?]
_gФото-печать Комбината сельхозаэрофотосъемки
215 _cФото
_d9,9 х 14,5 см
325 _aКопия доступна в Электрон. б-ке РНБ http://vivaldi.nlr.ru/lo000020006/view
610 0 _aОткрытки
700 1 _aДебабов
_bД. Г.
_f1899 - 1949
_gДмитрий Георгиевич
801 2 _aRU
_bNLR
_c20121029
_2rusmarc
852 _aNLR
_jЭ ОП/1-П170
_pЭ184815
856 0 _uhttp://vivaldi.nlr.ru/lo000020006/view
856 1 _uhttp://vivaldi.nlr.ru/lo000020006/cover
856 2 _uhttp://vivaldi.nlr.ru/lo000020006/text
942 _cVISUAL
980 _aNB
981 4 0 _a(40) Баренц-регион
981 1 7 _a(17) Изографические материалы
_b(17) Арктика